| 000 | 00437nam a2200145 a 4500 | ||
|---|---|---|---|
| 001 | 000034675 | ||
| 005 | 20200930073831.0 | ||
| 008 | 111017s19uu dr 000 0 spa d | ||
| 040 |
_aDO-SdBNP _bspa _cBNPHU |
||
| 082 |
_axxxx _bG216m |
||
| 100 | 1 |
_aGarcia Godoy, Emilio _930508 |
|
| 245 | 1 | 0 |
_aAl margen de un aide-memoire. / _cEmilio Garcia Godoy. |
| 260 |
_aCiudad Trujillo, República Dominicana, : _bCaribe, _c[s. f.]. |
||
| 300 | _a52 p. | ||
| 999 |
_c34166 _d34166 |
||